| 000 | 00916cam a22003135a 4500 | ||
|---|---|---|---|
| 001 | 000003168991 | ||
| 003 | EG-ScBUE | ||
| 005 | 20221020100535.0 | ||
| 008 | 800331t1979 enka f bd 00110 eng d | ||
| 020 | _a0600303853 | ||
| 040 |
_aDLC _beng _erda _cCaOONLB _dCaACU _dCaOONL _dEG-ScBUE |
||
| 082 | 0 | 4 |
_a720.9 _bMAN _222 |
| 100 | 1 |
_aMansell, George, _eauthor. |
|
| 245 | 1 | 0 |
_aAnatomy of architecture / _cGeorge Mansell. |
| 264 | 1 |
_aLondon : _bHamlyn, _c[1979] |
|
| 264 | 4 | _cc1979 | |
| 300 |
_a192 pages : _billustrations (some color) ; _c33 cm |
||
| 500 | _aIncludes glossary. | ||
| 504 | _aIncludes bibliographical references and index. | ||
| 590 | _ayassmeen ashraf | ||
| 650 | 7 |
_aArchitecture _xHistory. _2BUEsh |
|
| 650 | 7 |
_aArchitecture _xHistoire. _2BUEsh |
|
| 651 | _2BUEsh | ||
| 653 |
_bENGARC _cAugust2015 |
||
| 655 | _vReading book | ||
| 942 |
_2ddc _cBB |
||
| 999 |
_c10071 _d10071 |
||